Pays qui consomment le plus de sucres - Statistiques

Statistiques générales
  • Ce quiz a été pris 839 fois
  • Le résultat moyen est 7 sur 10
Statistiques - réponses
Sucre/habitant Pays % Correct
126,4 grammes par jour États-Unis
99%
89,1 grammes par jour Canada
87%
102,9 grammes par jour Allemagne
79%
92,5 grammes par jour Mexique
79%
93,2 grammes par jour Royaume-Uni
77%
95,6 grammes par jour Australie
68%
95 grammes par jour Belgique
58%
102,5 grammes par jour Pays-Bas
51%
96,7 grammes par jour Irlande
43%
91,5 grammes par jour Finlande
30%
Aucun quiz correspondant
Distribution des résultats
% des personnes avec chaque résultat
Percentile par nombre de réponses
Votre historique - résultats
Vous n’avez pas pris ce quiz